La narración como realidad virtual: la inmersión y la interactividad en la literatura y en los medios electrónicos
Furkejuvvon:
| Váldodahkki: | |
|---|---|
| Materiálatiipa: | Girji |
| Giella: | espánnjágiella |
| Almmustuhtton: |
Barcelona
Paidós Ibérica
2004
|
| Ráidu: | Paidós Comunicación, 154
|
| Fáttát: | |
| Fáddágilkorat: |
Lasit fáddágilkoriid
Eai fáddágilkorat, Lasit vuosttaš fáddágilkora!
|
MARC
| LEADER | 00000nam a2200000 a 4500 | ||
|---|---|---|---|
| 001 | UCK3261 | ||
| 003 | CL-VaPUC | ||
| 008 | 050422e20040000SP |||||||||||||||||spa|d | ||
| 020 | |a 8449315727 | ||
| 082 | 0 | 4 | |a 303.4833 |b RYA |2 21 |
| 100 | 0 | |a Ryan, Marie-Laurie |e author |9 491327 | |
| 245 | 1 | 3 | |a La narración como realidad virtual: la inmersión y la interactividad en la literatura y en los medios electrónicos |
| 300 | |a 456 p | ||
| 942 | |c BK | ||
| 945 | |d 20050422 00:00:00 |a cmena | ||
| 260 | |a Barcelona |b Paidós Ibérica |c 2004 | ||
| 650 | 0 | |a Cambio social |9 256857 | |
| 650 | 0 | |a Tecnología de la información |9 254825 | |
| 650 | 0 | |a Realidad virtual |9 361882 | |
| 650 | 0 | |a Literatura |9 259151 | |
| 650 | 0 | |a Narración |9 310539 | |
| 650 | 0 | |a Sociolingüística |9 263716 | |
| 650 | 0 | |a Antropología cultural y social |9 265143 | |
| 650 | 0 | |a Medios de comunicación |9 257206 | |
| 583 | |a last modification |c 20050422 00:00:00 |k Rodrigo Vera | ||
| 490 | 0 | |a Paidós Comunicación, 154 | |
| 999 | |c 312519 |d 312517 | ||
| 952 | |0 0 |1 0 |4 0 |6 303_483300000000000_RYA_2004 |7 0 |8 A |9 382932 |a BIBEDU |b BIBEDU |d 2019-11-21 |i 4114191 |o 303.4833 RYA 2004 |p 4114191 |r 2019-11-21 |w 2019-11-21 |y BK |k LIT | ||
| 952 | |0 0 |1 0 |4 0 |6 303_483300000000000_RYA_2004 |7 0 |8 A |9 382933 |a BIBEDU |b BIBEDU |d 2019-11-21 |i 4359518 |o 303.4833 RYA 2004 |p 4359518 |r 2019-11-21 |w 2019-11-21 |y BK |k LIT | ||
| 952 | |0 0 |1 0 |4 0 |6 303_483300000000000_RYA_2004 |7 0 |8 A |9 382934 |a BIBCUR |b BIBCUR |d 2019-11-21 |i 4682742 |o 303.4833 RYA 2004 |p 4682742 |r 2025-04-22 |w 2019-11-21 |y BK |k PER | ||